Statistiques concernant Intercommunalités des Yvelines

Cliquez ici pour prendre le quiz!

Statistiques générales

  • Ce quiz a été pris 23 fois
  • Le résultat moyen est 4 sur 10

Statistiques - réponses

Nombres de CommunesIntercommunalités% Correct
18 (dont 01 dans l'Essonne)Communauté d'agglomération Versailles Grand Parc
83%
12Saint-Quentin-en-Yvelines
78%
36Rambouillet Territoires
74%
19 (dont 01 dans le Val d'Oise)Communauté d'agglomération Saint Germain Boucles de Seine
52%
73Communauté urbaine Grand Paris Seine et Oise
48%
36 (dont 04 dans l'Eure-et-Loir)Communauté de communes du Pays Houdanais
43%
10Communauté de communes de la Haute Vallée de Chevreuse
30%
18Communauté de communes des Portes de l'Île-de-France
17%
31Communauté de communes Cœur d'Yvelines
13%
11Communauté de communes Gally Mauldre
9%

Distribution des résultats

Percentile par nombre de réponses

% des personnes avec chaque résultat

Votre développement - résultats

Vous n’avez pas pris ce quiz